Mecánica de materiales
| Main Authors: | , , |
|---|---|
| Format: | Section = Libro |
| Language: | Undetermined Spanish |
| Published: |
URSS
McGraw-Hill
2013
|
| Edition: | 6a.ed |
| Subjects: |
| LEADER | 00557nam a2200217Ia 4500 | ||
|---|---|---|---|
| 008 | 240830s9999 xx 000 0 und d | ||
| 020 | |a 978-607-15-0934-5 | ||
| 040 | |a B-ESTELÍ- RUACS / 620.1123 B415 | ||
| 041 | |a spa | ||
| 082 | |a 620.1123 B415 | ||
| 100 | 1 | |a Beer, Ferdinand P. | |
| 100 | 1 | |b Johnston, Russell E. | |
| 100 | 1 | |c DeWolf, Jhon T. | |
| 245 | 1 | 0 | |a Mecánica de materiales |
| 250 | |a 6a.ed | ||
| 260 | |a URSS |b McGraw-Hill |c 2013 | ||
| 300 | |a 375 p:il | ||
| 650 | 7 | |a RESISTENCIA DE MATERIALES | |
| 942 | |c BK |2 ddc | ||
| 991 | |a TEXTO | ||
| 999 | |c 11181 | ||